Las estrategias fatales

Wedi'i Gadw mewn:
Manylion Llyfryddiaeth
Prif Awdur: Baudrillard, Jean (Awdur)
Fformat: Llyfr
Iaith:Sbaeneg
Cyhoeddwyd: Barcelona Anagrama 2000
Rhifyn:6a. ed
Cyfres:Colección Argumentos, 74
Pynciau:
Tagiau: Ychwanegu Tag
Dim Tagiau, Byddwch y cyntaf i dagio'r cofnod hwn!

MARC

LEADER 00000cam a2200000 a 4500
001 UCD1703
003 CL-VaPUC
008 160324e20000000sp |||||||||||||||||spa|d
020 |a 9788433900746 
082 0 4 |a 303.4  |b BAU  |2 21 
100 0 |a Baudrillard, Jean  |e author  |9 492950 
245 1 4 |a Las estrategias fatales 
250 |a 6a. ed 
300 |a 205 p 
942 |c BK 
945 |d 20160324 12:59:00  |a arojas 
260 |a Barcelona  |b Anagrama  |c 2000 
650 0 |a Cambio social   |9 256857 
650 0 |a Postmodernismo  |9 268655 
650 0 |a Civilización moderna   |9 265455 
650 0 |a Problemas sociales  |9 258537 
583 |a last modification  |c 20160324 12:59:00  |k Rodrigo Vera 
490 0 |a Colección Argumentos, 74 
999 |c 362974  |d 362972 
952 |0 0  |1 0  |3 erb  |4 0  |6 303_400000000000000_BAU_2000  |7 0  |8 A  |9 474629  |a BIBEDU  |b BIBEDU  |i 5267749  |o 303.4 BAU 2000  |p 5267749  |r 2019-11-24  |w 2019-11-24  |y BK  |z Catalogado en:20160324  |k FIL